| 000 | 00388nam a2200109Ia 4500 | ||
|---|---|---|---|
| 008 | 220204s9999 xx 000 0 und d | ||
| 082 |
_a352(548.3) _bMAT |
||
| 100 | _aMathew, Siby | ||
| 245 | 4 | _aThe Kerala panchayat manual containing the Kerala panchayats act, 1960 with rules, notification & case-law as amended upto September 1976 | |
| 260 |
_aCochin _bLaw Times Press _c1976 |
||
| 942 | _cBK | ||
| 999 |
_c44983 _d44983 |
||